Etická výchova pre 1. ročník základných škôl : pracovné listy

Bibliographic Details
Main Authors: Ivanová, Eva, 1953- (Author), Kopinová, Ľubica (Author), Líšková, Eva (Author)
Other Authors: Dicová, Dáša, 1972- (Illustrator)
Format: Book
Language:Slovak
PhysicalDescription:32 l. fareb. ilustr. 30 cm
Published: Bratislava Slovenské pedagogické nakladateľstvo - Mladé letá 2016
ISBN:9788010029457
Edition:12. vyd.
Subjects:

MARC

LEADER 00000cam a2200000 a 4500
001 vtls011564908
003 SK-MaSNL
005 20260301221645.0
008 240318s2016 xo a b 000 0 slo
015 |a SNBA2016/08 
020 |a 9788010029457  |q (brož.) 
035 |a 35149456-FD61-45BF-88DE-D140414FA7D6 
035 |a urn:nbn:sk:snk-amtgyc 
035 |a urn:nbn:sk:snk-am00bwyb 
040 |a SNK  |b slo  |c SNK  |e AACR2 
041 0 |a slo 
044 |a xo  |c SK 
072 7 |a 37  |x Výchova a vzdelávanie  |2 konspekt 
072 7 |a 373.2/.3  |x Predškolská a primárna výchova a vzdelávanie  |2 konspekt 
080 |a 37.034  |2 2001 
080 |a (075.2)  |2 2011 
080 |a (076.1)  |2 2011 
100 1 |a Ivanová, Eva,  |d 1953-  |4 aut  |9 105296 
245 1 0 |a Etická výchova  |b pre 1. ročník základných škôl : pracovné listy  |c [autorky Eva Ivanová, Ľubica Kopinová, Eva Líšková ; illustrácie: Daša Bacmaňáková-Dicová] 
246 1 3 |a Etická výchova 1 
250 |a 12. vyd. 
260 |a Bratislava  |b Slovenské pedagogické nakladateľstvo - Mladé letá  |c 2016 
300 |a 32 l.  |b fareb. ilustr.  |c 30 cm 
500 |a Názov z obalu 
650 0 7 |a etická výchova  |2 SNKPH  |9 4075 
650 0 7 |a Ethical education  |2 SNKPHeng  |9 265290 
655 7 |a učebnice základných škôl  |2 SNKPH  |9 70187 
655 7 |a pracovné listy  |2 SNKPH  |9 70565 
655 7 |a Textbooks (elementary)  |2 SNKPHeng  |9 276977 
655 7 |a Activity pages  |2 SNKPHeng  |9 303110 
700 1 |a Kopinová, Ľubica  |4 aut  |9 6421 
700 1 |a Líšková, Eva  |4 aut  |9 23461 
700 1 |a Dicová, Dáša,  |d 1972-  |4 ill  |9 43395 
852 |a Štátna vedecká knižnica v Banskej Bystrici 
919 |a 978-80-10-02945-7 
999 |c 936842  |d 938772 
952 |a SNK  |b SNK  |y PREZ  |7 0  |p 17A1208334  |o snkSB 90458  |i snk2016/18061  |8 0  |0 0  |1 0  |4 0  |d 2016-07-28  |f 1  |l 0  |r 2025-05-13 00:00:00  |w 2026-02-24 
952 |a SNK  |b SNK  |y VYP  |7 0  |p 17A1208335  |o snkSB 90458 D1  |i snk2016/18064  |8 0  |0 0  |1 0  |4 0  |d 2016-07-28  |l 0  |r 2026-02-24 09:06:41  |w 2026-02-24